ბათუმის შოთა რუსთაველის სახელმწიფო უნივერსიტეტის ბიბლიოთეკა

Элементы теории функций и функционального анализа. (ბიბ.ჩანაწერი № 39097)

000 -LEADER
fixed length control field 00760nam a2200217Ia 4500
001 - CONTROL NUMBER
control field 5668
003 - CONTROL NUMBER IDENTIFIER
control field GE_BSU
008 - FIXED-LENGTH DATA ELEMENTS--GENERAL INFORMATION
fixed length control field 181216s||||||||xx |||||||||||||| ||und||
040 ## - CATALOGING SOURCE
Transcribing agency GE_BSU
080 ## - UNIVERSAL DECIMAL CLASSIFICATION NUMBER
Universal Decimal Classification number 517.5(075.8)+517.98(075.8)
100 ## - MAIN ENTRY--PERSONAL NAME
Personal name Колмогоров А.Н. Название
245 ## - TITLE STATEMENT
Title Элементы теории функций и функционального анализа.
245 ## - TITLE STATEMENT
Remainder of title Учебник для студ матемаических спец ун-еов
250 ## - EDITION STATEMENT
Edition statement изд3-.ье перер.
260 ## - PUBLICATION, DISTRIBUTION, ETC.
Place of publication, distribution, etc. Москва
260 ## - PUBLICATION, DISTRIBUTION, ETC.
Name of publisher, distributor, etc. Наука
260 ## - PUBLICATION, DISTRIBUTION, ETC.
Date of publication, distribution, etc. 1972.
300 ## - PHYSICAL DESCRIPTION
Extent 496с 22см.
653 ## - INDEX TERM--UNCONTROLLED
Uncontrolled term Элементы теории функций и функционального анализа
942 ## - ADDED ENTRY ELEMENTS (KOHA)
Koha item type წიგნი
ეგზემპლარები
Withdrawn status Lost status Damaged status Not for loan Date acquired Barcode Date last seen Price effective from Koha item type
        2018-12-17 16282 2018-12-17 2018-12-17 წიგნი